Statistiques concernant Compositeurs par image n°5

Cliquez ici pour prendre le quiz!

Statistiques générales

  • Ce quiz a été pris 40 fois
  • Le résultat moyen est 6 sur 15

Statistiques - réponses

Réponse% Correct
Jacques Offenbach
94%
Olivier Messiaen
52%
Arvo Pärt
48%
César Franck
48%
Clara Schumann
48%
Anton Webern
42%
Francis Poulenc
42%
Gustav Holst
42%
Gaetano Donizetti
39%
Jean-Baptiste Pergolèse
33%
Roland de Lassus
30%
Alexandre Scriabine
27%
Isaac Albéniz
24%
Leoš Janáček
24%
Georg Philipp Telemann
15%

Distribution des résultats

Percentile par nombre de réponses

% des personnes avec chaque résultat

Votre développement - résultats

Vous n’avez pas pris ce quiz